000 00390nam a2200169Ia 4500
999 _c6992
_d6992
003 GBCCL
005 20241126110617.0
008 180705b ||||| |||| 00| 0 eng d
040 _cGBC
082 _a030
_bVIS
245 _aVisual Encyclopaedia
260 _bPENTAGON PRESS
260 _c2004.
_bPentagon Press,
300 _a608p.
650 _aEncyclopaedia
_912438
942 _2ddc
_cREF